| Поле | Название | Значение |
| |
Тип записи |
a |
| |
Библиографический уровень |
m |
| 001 |
Контрольный номер |
RU/SLIB/B/208705899 |
| 005 |
Дата корректировки |
20241023145358.9 |
| 010 |
Индекс ISBN |
__ |
| d |
Цена |
30-00; 86-98 |
| 101 |
Язык документа |
__ |
| a |
Язык текста |
rus |
| c |
Язык оригинала |
rus |
| 200 |
Заглавие и сведения об ответственности |
0_ |
| a |
Заглавие |
Беседы о русской культуре: Быт и традиции русского дворянства (XVIII - начало XIX века) |
| f |
Первые сведения об ответственности |
Ю. М. Лотман |
| b |
Общее обозначение материала |
Текст |
| 210 |
Выходные данные |
__ |
| a |
Место издания |
СПб. |
| c |
Издательство |
Искусство-СПБ |
| d |
Дата издания |
1994 |
| 215 |
Физическое описание |
__ |
| a |
Объем |
414 с. |
| c |
Иллюстрации/тип воспроизводства |
ил. |
| 320 |
Библиография |
__ |
| a |
Библиография |
Примеч.: с. 390-398. - Имен. указ.: с. 399-412 |
| 606 |
Тематические рубрики |
__ |
| a |
Основная рубрика |
История |
| z |
Хронологическая подрубрика |
18 в.; 19 в. |
| y |
Географическая подрубрика |
Россия |
| 606 |
Тематические рубрики |
__ |
| a |
Основная рубрика |
Россия в XVIII в. - 1917 г. |
| 606 |
Тематические рубрики |
__ |
| a |
Основная рубрика |
Этнология |
| 606 |
Тематические рубрики |
__ |
| a |
Основная рубрика |
Этнология современных народов |
| 610 |
Ключевые слова |
__ |
| a |
Ключевые слова |
игры; женщины; образование; социальные группы; культура; этнография; сословия; дворянство; брак; бракосочетание; быт; дворянство; дворянская культура; декабристы; дуэли; дуэлянты; русское дворянство; свадебные обряды; свадьбы; балы; сватовство; разводы; карточные игры; игральные карты |
| 686 |
Индексы других классификаций |
__ |
| 2 |
Код системы |
rubbks |
| a |
Классификационный индекс |
63.3(2)51-7 |
| 686 |
Индексы других классификаций |
__ |
| a |
Классификационный индекс |
63.529(2) ; ст63.3(2)51-7 + ст63.5(2) |
| 700 |
Автор |
_1 |
| a |
Фамилия |
Лотман |
| b |
Имя |
Ю. М. |
| g |
Полное личное имя |
Юрий Михайлович |
| 4 |
Код отношения |
070 |
| 801 |
Источник записи |
_0 |
| a |
Страна |
RU |
| b |
Организация |
Муниципальное бюджетное учреждение культуры "Централизованная библиотечная система" г. Сургут (Центральная городская библиотека им. А. С. Пушкина) |
| g |
Правила каталогизации |
ОБ/Бутенко |
| 801 |
Источник записи |
_1 |
| a |
Страна |
RU |
| b |
Организация |
Муниципальное бюджетное учреждение культуры "Централизованная библиотечная система" г. Сургут (Центральная городская библиотека им. А. С. Пушкина) |
| g |
Правила каталогизации |
ОБ/Бутенко |
| 852 |
Данные о местонахождении |
__ |
| j |
Шифр хранения |
63.3(2)51-7 |
| c |
Каталожный индекс |
63.3(2)51-7; 63.529(2) |
| i |
Авторский знак |
Л 80 |
| p |
Инвентарный номер |
76052; 76053 |
| 901 |
Тип документа |
__ |
| t |
Тип документа |
m |
| 903 |
Характеристики (МАРС) |
__ |
| a |
Дата передачи |
20000621 |
| 990 |
Данные о заказе (DOS) |
00 |
| j |
Количество экземпляров (DOS) |
6 |
| t |
N записи в КСУ для И/У (DOS) |
200001 |